Регионална библиотека "Любен Каравелов" - Русе

Психология на труда (Запис номер 56829)

MARC детайли
000 -Лидер
Контролно поле с фиксирана дължина 01130nam a2200301 c 4500
003 - Код на организацията, давaща контролен номер
Контролно поле BLK
005 - Дата и час на последна редакция
Контролно поле 20220719124829.0
008 - Елементи от данни с фиксирана дължина
fixed length control field 180408b bul|||||r ||||||| ||bul||
010 ## - Наследен системен номер
LC control number KNG00060815000
040 ## - Източник на каталожния запис
Идентификатор на билиотеката - собственик на записа BLK
041 ## - Код за език
Код за езика на текст/звукозапис или на отделно заглавие Български
Код за езика КДБФ Български
080 ## - УДК
Текстов определител УДК Психология
УДК код - определител по УДК 159.9
УДК определител (075.8)
УДК - код + определител 159.9(075.8)
100 1# - Редна дума - Автор
Автор Иванова, Здрава Борисова
Авторска отговорност първи автор
R(LIN) 287145
139 ## - Редно поле
Редна дума Иванова, Здрава Борисова
Авторски знак Иванова - И 22
245 10 - Сведения за заглавието
Заглавие Психология на труда
Подзаглавни данни Учебник за студенти педагози
Редно поле (дума) Здрава Борисова Иванова.
257 ## - Страна на издаване
Страна на създаване/издаване България
260 ## - Област на издателските данни
Място на издаване, разпространение и проч. София
Име на издателя, разпространителя и проч. Наука и изкуство
Година на издаване 1972
Печатница В. Търново : Д. Найденов
300 ## - Физическа характеристика
Страници 360 с.
Размери/Мащаб 20 см
380 ## - Жанр
Жанр Философия
500 ## - Общи забележки
Забележка Библиогр. с. 349-356.
650 #4 - Допълнително описание по предмет – тема
Основно описание – тема или топоним Труд - психология - учебници за ВУЗ
9 (RLIN) 251915
653 ## - Ключова дума – ненормативна
Ключова дума психология на труда
852 ## - Местоположение
Форматна сигнатура Цб 65065
Фондова буква Хранилище
856 4# - Електронен адрес и достъп
Електронен формат pdf - файл
856 4# - Електронен адрес и достъп
Електронен формат pdf - файл
999 ## - СИСТЕМНИ КОНТРОЛНИ НОМЕРА
Koha biblionumber 56829
Koha biblioitemnumber 56829
942 ## - АРТИКУЛИ
Вид на библиотечния материал Книги
Скрит в OPAC Не
Периодичен библиозапис Да
944 ## - СЪЗДАВАНЕ И РЕДАКЦИЯ на ЗАПИСА
Създаване/Редакция Създаване
Дата на регистрацията/редакция 13.06.2004
Служител, извършил регистрацията/редакцията Диана_Димитрова
944 ## - СЪЗДАВАНЕ И РЕДАКЦИЯ на ЗАПИСА
Създаване/Редакция Редакция
Дата на регистрацията/редакция 09.07.2013
944 ## - СЪЗДАВАНЕ И РЕДАКЦИЯ на ЗАПИСА
Създаване/Редакция Редакция
Дата на регистрацията/редакция 2022-07-19
999 ## - СИСТЕМНИ КОНТРОЛНИ НОМЕРА
Koha biblioitemnumber 56829
Наличности
Код за отписване Код за изгубен артикул Източник на класификационната схема Код за повреда Коз за рестрикции Код за отдаване Артикулен № Име на библиотеката - собственик Име на библиотеката, в която се намира в момента Статус (Текущо местоположение) Дата на вписване в системата Местоположение - отдел Цена в лева Инвентарен номер Систематично азбучна сигнатура Баркод Номер на екземпляра Цена в евро Служебна бележка Служебен тип на артикула
  Не е изгубен Universal Decimal Classification Не е повреден без рестрикции ползва се в читалня 90918 Регионална библиотека "Любен Каравелов" Русе Регионална библиотека "Любен Каравелов" Русе Читалня 1993-01-01 Читалня 1.76 128849 Ч 159.9/И 22 120000128849 1 0.90 Дост: Pk Вид: Ф N: стар фонд Дата: 01.01.1972 Дата инв: 21.03.2017 Бележки инв: Ч2017 Книги
  Не е изгубен Universal Decimal Classification Не е повреден без рестрикции ползва се в читалня 90919 Регионална библиотека "Любен Каравелов" Русе Регионална библиотека "Любен Каравелов" Русе Хранилище 1972-01-01 Хранилище 1.76 126866 Цб 65065 120000126866 2 0.90 Дост: Dp Вид: Д N: стар фонд Дата: 01.01.1972 Книги
Изтеглен Не е изгубен Universal Decimal Classification Не е повреден без рестрикции заемане за дома 90920 Регионална библиотека "Любен Каравелов" Русе Регионална библиотека "Любен Каравелов" Русе Заемна - подръчен фонд 1972-01-01 Заемна - подръчен фонд 1.76 128844 П 159.9/И 22 128844 3 0.90 Дост: Pk Вид: Ф N: стар фонд Дата: 01.01.1972 Дата инв: 01.02.2018 Бележки инв: П2018 Книги
Изтеглен Не е изгубен Universal Decimal Classification Не е повреден без рестрикции заемане за дома 90921 Регионална библиотека "Любен Каравелов" Русе Регионална библиотека "Любен Каравелов" Русе Заемна - подръчен фонд 1972-01-01 Заемна - подръчен фонд 1.76 189954 П 159.9/И 22 189954 4 0.90 Дост: Pk Вид: Ф N: стар фонд Дата: 01.01.1972 Дата инв: 09.03.2018 Бележки инв: П2018 Книги
Vip Innovations Ltd, Rousse, Bulgaria 2025